| 000 | 00529nam a2200193Ia 4500 | ||
|---|---|---|---|
| 005 | 20250508152531.0 | ||
| 008 | 008 250505s9999 xx 000 0 eng d | ||
| 037 | _aTextual | ||
| 040 |
_aFEDL _beng _cFEDL |
||
| 041 |
_aeng _2eng |
||
| 084 |
_a371.3, GIL _qFEDL |
||
| 100 |
_aGiles H Harry _9761720 |
||
| 245 | 0 | _aIntegrated classroom | |
| 260 |
_aNew York, USA _bBasic Books _c1959 |
||
| 300 | _axii,338p. | ||
| 650 |
_aTeacher - Techniqe _9756430 |
||
| 942 |
_cTEXL _h371.3, GIL |
||
| 999 |
_c1337066 _d1337066 |
||